[Event "Mumbai Wealth op U13 4th"]
[Site "Mumbai"]
[Date "2018.12.31"]
[Round "2"]
[White "Devesh, Anand Naik"]
[Black "Khairmode, Aditya"]
[Result "1-0"]
[WhiteElo "1763"]
[BlackElo "1337"]
[PlyCount "90"]
[EventDate "2018.12.30"]
[EventType "swiss"]
[EventRounds "9"]
[EventCountry "IND"]
[SourceTitle "CBM 188 Extra"]
[Source "ChessBase"]
[SourceDate "2019.02.26"]
[SourceVersion "1"]
[SourceVersionDate "2019.02.26"]
[SourceQuality "1"]

1. e4 e5 2. Nf3 Nf6 3. d4 Nxe4 4. Bd3 d5 5. dxe5 Nc6 6. Qe2 Bf5 7. Nbd2 Nxd2 8. Bxd2 Qd7 9. Bb5 Bc5 10. Be3 Bxe3 11. Qxe3 a6 12. Bxc6 Qxc6 13. Nd4 Qg6 14. 0-0 0-0 15. Rfe1 Rfe8 16. Qb3 c6 17. Nxf5 Qxf5 18. Qxb7 Qxc2 19. Rac1 Qd2 20. Qxc6 Qxb2 21. Qxd5 Rad8 22. Qb3 Qxb3 23. axb3 Rd3 24. Ra1 Rxb3 25. Rxa6 g6 26. g3 Kg7 27. Ra7 Rb6 28. f4 Rbe6 29. Rd1 R8e7 30. Rdd7 Rxd7 31. Rxd7 g5 32. Kf2 gxf4 33. gxf4 Rh6 34. Kg3 Rg6+ 35. Kf3 Rh6 36. f5 Kf8 37. Rd2 Ke7 38. Kg4 f6 39. e6 Ke8 40. h4 Ke7 41. h5 Ke8 42. Rd7 Kf8 43. Rd8+ Ke7 44. Ra8 Kd6 45. Ra7 Kd5 1-0